| 000 | 00653cam a2200241 a 4500 | ||
|---|---|---|---|
| 001 | 973963 | ||
| 003 | OSt | ||
| 005 | 20140310182237.0 | ||
| 008 | 850212s1984 enka j 000 0aeng | ||
| 010 | _a 85117335 | ||
| 020 |
_a0141303050 _c£6.50 |
||
| 040 |
_aDLC _cDLC _dDLC |
||
| 050 | 0 | 0 |
_aPR 6007 _b.D131 1999 |
| 082 | 0 | 0 |
_aFIC _bD11 1984 |
| 100 | 1 |
_aDahl, Roald. _93827 |
|
| 245 | 1 | 0 |
_aBoy : _btales of childhood / _cRoald Dahl. |
| 260 |
_aLondon : _bPuffin Books, _cc1999. |
||
| 300 |
_a175 p. : _bill. ; _c20 cm. |
||
| 541 | _j1 | ||
| 562 | _e1 | ||
| 906 |
_a7 _bcbc _corignew _d3 _encip _f19 _gy-gencatlg 2002-03-27 |
||
| 942 |
_2lcc _cBK-FIC |
||
| 999 |
_c11053 _d11053 |
||